| 000 | 00943cam a2200289 i 4500 | ||
|---|---|---|---|
| 001 | 12173 | ||
| 003 | KOSZ 005 | ||
| 005 | 20201126102253.0 | ||
| 008 | 070623s1969 pl a f 001 0 pol | ||
| 015 | _aPB 1970/877 | ||
| 040 |
_aWA N _cWA N _dKOSZ 005/HR |
||
| 046 | _k1969 | ||
| 080 | _a628.32 | ||
| 100 | 1 |
_aGańczarczyk, Jerzy _d(1928-2013) _eAutor |
|
| 245 | 1 | 0 |
_aOczyszczanie ścieków metodą osadu czynnego / _cJerzy Gańczarczyk. |
| 250 | _aWyd. 2. | ||
| 260 |
_aWarszawa : _bWydawnictwo "Arkady", _c1969. |
||
| 300 |
_a354, [1] s. : _bil. ; _c25 cm. |
||
| 380 | _aKsiążki | ||
| 504 | _aBibliogr. przy rozdz. Indeks. | ||
| 650 | 4 | _aOczyszczalnia ścieków | |
| 650 | 4 | _aOsad czynny | |
| 658 | _aInżynieria i technika | ||
| 710 | 2 |
_aWydawnictwo Arkady _4pbl. |
|
| 856 |
_uhttp://koha.tu.koszalin.pl/cgi-bin/koha/opac-detail.pl?biblionumber=12173 _yKatalog online BPK |
||
| 942 |
_2UKD _cKS |
||
| 999 |
_c12173 _d12173 |
||